[Event "North American Open"]
[Site "Las Vegas USA"]
[Date "2003.12.29"]
[Round "6"]
[White "Yermolinsky,A"]
[Black "Muhammad,S"]
[Result "1/2-1/2"]
[WhiteElo "2546"]
[BlackElo "2377"]

1.d4 Nf6 2.c4 g6 3.Nc3 Bg7 4.e4 d6 5.Bd3 e5 6.d5 a5 7.Nge2 Na6 8.f3 Nc5 9.Bc2 Nfd7
10.O-O O-O 11.Be3 Qe7 12.Qd2 Re8 13.b3 Nb6 14.Nb5 Bf8 15.Rad1 Rd8 16.Bg5 f6
17.Be3 a4 18.Qc3 axb3 19.axb3 c6 20.dxc6 bxc6 21.Nxd6 Rxd6 22.Bxc5 Qa7 23.Bxb6 Qxb6+
24.c5 Qa7 25.Ra1 Ba6 26.Rxa6 Qxa6 27.cxd6 Qxe2 28.Qxc6 Rd8 29.Qd5+ Kg7 30.Qd3 Qxd3
31.Bxd3 Rxd6 32.Rd1 f5 33.Kf2 fxe4 34.fxe4 Kf6 35.Ke2 Rd4 36.Rf1+ Ke7 37.Kd2 Ke8
38.Ra1 Bc5 39.Kc2 Rd6 40.Ra8+ Ke7 41.Rc8 Bb6 42.Rb8 Kf6 43.h4 h5 44.Bc4 Kg7
45.b4 Bf2 46.b5 Rd4 47.Rb7+ Kh6 48.Bd5 Rb4 49.Rb8 Kg7 50.Kc3 Be1+ 51.Kd3 Bf2
52.Ke2 Rb2+ 53.Kf3 Bd4 54.g4 hxg4+ 55.Kxg4 Rg2+ 56.Kh3 Rb2 57.Bc6 Rb3+ 58.Kg2 Kh6
59.Bd5 Rb2+ 60.Kg3 Rb1 61.Rb7 Rg1+ 62.Kf3 g5 63.hxg5+ Kxg5 64.Ke2 Rb1 65.Kd3 Rb4
66.Bc4 Kg6 67.Rd7 Rb1 68.Rd6+ Kg5 69.Ra6 Rb4 70.Ra8 Kf6 71.Rf8+ Ke7 72.Rc8 Kd7
73.Rc6 Ke7 74.Ke2 Rb2+ 75.Kf3 Rf2+ 76.Kg3 Rf6 77.Rc8 Kd7 78.Rh8 Kc7 79.Bd5  1/2-1/2

[Event "Western Class Championships"]
[Site "Agoura Hills USA"]
[Date "2004.01.17"]
[Round "2"]
[White "Harmon,C"]
[Black "Yermolinsky,A"]
[Result "0-1"]
[WhiteElo "2207"]
[BlackElo "2566"]

1.d4 Nf6 2.c4 g6 3.Nf3 Bg7 4.Nc3 d5 5.cxd5 Nxd5 6.e4 Nxc3 7.bxc3 c5 8.h3 Nc6
9.Be3 Qa5 10.Qd2 cxd4 11.cxd4 Qxd2+ 12.Kxd2 O-O 13.Rc1 Rd8 14.Bc4 Nxd4 15.Nxd4 Bxd4
16.Bxd4 Rxd4+ 17.Ke3 Rd7 18.Rhd1 Kf8 19.Rxd7 Bxd7 20.Bd5 Rc8 21.Rxc8+ Bxc8
22.Kd4 g5 23.Kc5 h5 24.e5 h4 25.a4 Kg7 26.a5 f6 27.exf6+ Kxf6 28.Bf3 Ke5
29.Be2 Bf5 30.Bc4 Be4 31.f3 Bf5 32.Bd5 b6+ 33.axb6 axb6+  0-1

[Event "Western Class Championships"]
[Site "Agoura Hills USA"]
[Date "2004.01.18"]
[Round "5"]
[White "Yermolinsky,A"]
[Black "Khachiyan,M"]
[Result "1-0"]
[WhiteElo "2566"]
[BlackElo "2431"]

1.c4 Nf6 2.Nc3 d5 3.cxd5 Nxd5 4.g3 g6 5.Bg2 Nxc3 6.bxc3 Bg7 7.Rb1 Nd7 8.Nf3 O-O
9.O-O Nb6 10.Qc2 Bd7 11.d3 Bc6 12.c4 e5 13.Ng5 Bxg2 14.Kxg2 Qd7 15.f3 h6
16.Ne4 f5 17.Nc3 c6 18.Be3 Nc8 19.a4 Rf7 20.a5 Nd6 21.a6 b6 22.c5 Nc8 23.cxb6 axb6
24.Na4 Rxa6 25.Nxb6 Nxb6 26.Rxb6 Rxb6 27.Bxb6 Re7 28.Ra1 Qe6 29.Rc1 Rb7 30.Bf2 Rc7
31.Qa4 e4 32.dxe4 fxe4 33.fxe4 h5 34.h3 Kh7 35.Be3 Be5 36.Qc4 Qxc4 37.Rxc4 Kg7
38.Bf4 Kf6 39.Rc5 Bd4 40.Rxh5 gxh5 41.Bxc7 c5 42.Bf4 c4 43.Kf1 Bc3 44.Kf2 Bb4
45.Ke3 Bc5+ 46.Kd2 Bb4+ 47.Kc2 Ke6 48.g4 hxg4 49.hxg4 Ba5 50.g5 Bb4 51.Bd2 Bf8
52.Kc3 Ke5 53.Kxc4 Kxe4 54.Bb4  1-0

[Event "National Open"]
[Site "Las Vegas USA"]
[Date "2004.06.19"]
[Round "4"]
[White "Yermolinsky,A"]
[Black "Golod,V"]
[Result "1/2-1/2"]
[WhiteElo "2555"]
[BlackElo "2552"]

1.Nf3 Nf6 2.c4 g6 3.Nc3 d5 4.cxd5 Nxd5 5.g3 Bg7 6.Bg2 O-O 7.O-O Nxc3 8.dxc3 Nd7
9.Be3 c6 10.Qc1 Qc7 11.Bh6 Nf6 12.Bxg7 Kxg7 13.Qe3  1/2-1/2

[Event "National Open"]
[Site "Las Vegas USA"]
[Date "2004.06.20"]
[Round "6"]
[White "Yermolinsky,A"]
[Black "Khachiyan,M"]
[Result "1-0"]
[WhiteElo "2555"]
[BlackElo "2468"]

1.Nf3 Nf6 2.c4 g6 3.Nc3 d5 4.cxd5 Nxd5 5.e4 Nxc3 6.bxc3 Bg7 7.d4 c5 8.Be3 Qa5
9.Qd2 b6 10.Rc1 O-O 11.Bh6 cxd4 12.Bxg7 Kxg7 13.cxd4 Qxd2+ 14.Kxd2 Bb7 15.Bd3 Rc8
16.Rxc8 Bxc8 17.Rc1 Ba6 18.Rc7 Kf8 19.e5 Bxd3 20.Rc8+ Kg7 21.Kxd3 b5 22.d5 a5
23.d6  1-0

[Event "Far West Open"]
[Site "Reno USA"]
[Date "2005.03.19"]
[Round "1"]
[White "Stearns,A"]
[Black "Yermolinsky,A"]
[Result "0-1"]
[WhiteElo "2235"]
[BlackElo "2570"]

1.e4 c5 2.Nf3 d6 3.d4 cxd4 4.Qxd4 Bd7 5.c4 Nc6 6.Qd2 g6 7.b3 Bh6 8.Qc3 f6
9.Nbd2 Rc8 10.a3 a5 11.Be2 Bg7 12.Bb2 Nh6 13.O-O O-O 14.b4 axb4 15.axb4 Qb6
16.b5 Ne5 17.Nxe5 fxe5 18.Qa5 Qxa5 19.Rxa5 Nf7 20.Ra7 Nd8 21.Nb3 Bxb5 22.cxb5 Rc2
23.Re1 Rxb2 24.Na5 Bf6 25.Nxb7 Nxb7 26.Rxb7 Rc8 27.Bg4 Rcc2 28.Rf1 Kg7 29.g3 h5
30.Bf3 h4 31.Bg4 Rc4 32.Re1 d5 33.Be6 Rcc2 34.exd5 Rxf2 35.d6 Rg2+ 36.Kh1 h3
37.Bxh3 Rxh2+ 38.Kg1 Rxh3 39.dxe7 Rxg3+ 40.Kh1 Rh3+ 41.Kg1 Kf7 42.Rf1 Rg3+
43.Kh1 Rd3 44.Rb6 Kxe7 45.Rbxf6 Rh3+ 46.Kg1 Rg3+ 47.Kh1 Rxb5  0-1

[Event "ch-USA GpB"]
[Site "San Diego USA"]
[Date "2006.03.02"]
[Round "1"]
[White "Yermolinsky,A"]
[Black "Liu,E"]
[Result "1/2-1/2"]
[WhiteElo "2554"]
[BlackElo "2139"]

1.d4 Nf6 2.c4 g6 3.Nc3 Bg7 4.e4 d6 5.Nf3 O-O 6.Be2 Na6 7.Nd2 e5 8.d5 c6 9.O-O c5
10.a3 Nd7 11.Nb5 Qe7 12.Qc2 f5 13.exf5 gxf5 14.f4 e4 15.Rb1 Nf6 16.Rd1 Nc7
17.Nxc7 Qxc7 18.Nf1 Bd7 19.Ne3 a5 20.h3 Qc8 21.b3 Qe8 22.Rf1 Nh5 23.Bxh5 Qxh5
24.Bb2 Qg6 25.Bxg7 Qxg7 26.Qb2 Qd4 27.Kf2 b5 28.Rfd1 Qxb2+ 29.Rxb2 b4 30.Ra2 Rfb8
31.Rda1 Kf7 32.axb4 Rxb4 33.Rxa5 Rxa5 34.Rxa5 Rxb3 35.Ra7 Ke8 36.Ra8+ Kf7
37.Rh8 Kg6 38.Rd8 Rb2+ 39.Kg3 Rb3 40.Rxd7 Rxe3+ 41.Kh4 Rc3 42.Rxd6+ Kf7 43.Kg5 Rxc4
44.Kxf5 Rd4 45.Rf6+ Kg7 46.Re6 Rxd5+ 47.Kxe4 Rd2 48.Kf3 c4 49.Re3 Rc2 50.g4 c3
51.Ke4 Kf6 52.g5+ Kg6 53.h4 Kh5 54.Kf5 Kxh4 55.Re7 Rf2 56.Rxh7+ Kg3 57.Rc7 Rxf4+
58.Ke5 Rf3 59.g6 Kf2 60.Rf7 Ke2 61.Rxf3 Kxf3 62.g7 c2 63.g8=Q c1=Q  1/2-1/2

[Event "ch-USA GpB"]
[Site "San Diego USA"]
[Date "2006.03.09"]
[Round "7"]
[White "Yermolinsky,A"]
[Black "Tuvshintugs,B"]
[Result "1-0"]
[WhiteElo "2554"]
[BlackElo "2208"]

1.Nf3 Nf6 2.c4 g6 3.Nc3 d5 4.Qa4+ Bd7 5.Qb3 Bc6 6.e3 Bg7 7.d4 O-O 8.Ne5 b6
9.cxd5 Bxd5 10.Nxd5 Qxd5 11.Qxd5 Nxd5 12.Bc4 e6 13.Nd3 Nc6 14.Bd2 Rfd8 15.Rc1 Nce7
16.Ke2 c6 17.Bxd5 exd5 18.Bb4 Rd7 19.Bxe7 Rxe7 20.Rxc6 Bxd4 21.Rd6 Rc8 22.Rxd5 Bf6
23.Rd1 Kg7 24.g4 h6 25.Rd2 Rc4 26.h3 Rc8 27.b3 Rc3 28.f4 Rc8 29.Kf3 Rec7
30.Nf2 Bh4 31.Ne4 Be1 32.Rd1 Bb4 33.f5 Be7 34.Rd7 Bh4 35.R1d6 Rc1 36.Rxg6+ Kf8
37.Rxh6  1-0

[Event "16th North American Open"]
[Site "Las Vegas USA"]
[Date "2006.12.26"]
[Round "1"]
[White "Zildzic,K"]
[Black "Yermolinsky,A"]
[Result "0-1"]
[WhiteElo "2280"]
[BlackElo "2520"]

1.e4 c5 2.Nc3 e6 3.g3 d5 4.exd5 exd5 5.Bg2 Nf6 6.d3 d4 7.Ne4 Nxe4 8.Bxe4 Nc6
9.Ne2 Bd6 10.O-O O-O 11.Nf4 Re8 12.Bd2 Rb8 13.Re1 Ne5 14.h3 b6 15.c4 dxc3
16.Bxc3 Ng6 17.Nh5 Bf8 18.Kh2 Qd7 19.Bg2 Rxe1 20.Qxe1 Ba6 21.Rd1 Re8 22.Qd2 Bb7
23.Nf4 Nxf4 24.Qxf4 Bxg2 25.Kxg2 Qd5+ 26.Qf3 Qxa2 27.d4 cxd4 28.Rxd4 Qe6
29.Rg4 Rd8 30.Kh2 Re8 31.Qd3 f6 32.Rh4 h6 33.Qg6 Qf7 34.Qd3 a5 35.Rf4 Bc5
36.Kg2 Qb7+ 37.Kh2 Qf7 38.Kg2 h5 39.Rf5 Qb7+ 40.Kh2 Qe4 41.Qd7 h4 42.g4 Qe6
43.Qd3 Qd6+ 44.Qxd6 Bxd6+ 45.Kg2 Be5 46.Rf3 a4 47.Rd3 b5 48.Kf3 Bxc3 49.Rxc3 Ra8
50.Ke4 b4 51.Rc2 a3 52.bxa3 bxa3 53.Ra2 g5  0-1

[Event "16th North American Open"]
[Site "Las Vegas USA"]
[Date "2006.12.28"]
[Round "4"]
[White "Yermolinsky,A"]
[Black "Coleman,T"]
[Result "1-0"]
[WhiteElo "2520"]
[BlackElo "2234"]

1.Nf3 c5 2.c4 e6 3.g3 g6 4.d4 cxd4 5.Nxd4 a6 6.Nc3 Nf6 7.Bg2 Bg7 8.O-O O-O
9.e4 d6 10.Be3 Qc7 11.Rc1 Nbd7 12.b3 Rd8 13.Qe2 Nc5 14.b4 Ncd7 15.Nb3 Re8
16.Rfd1 Rb8 17.c5 dxc5 18.Nxc5 b6 19.Nxd7 Nxd7 20.Nb5 Qd8 21.Nc7 Rf8 22.Nxa6 Bxa6
23.Qxa6 Qe8 24.a4 Nf6 25.Bxb6 Ra8 26.Qb5 Rxa4 27.Qxe8 Rxe8 28.Bc5 Rc8 29.Rb1 Bf8
30.Bd4 Nd7 31.b5 e5 32.Be3 Rc7 33.b6 Rb7 34.Bf1 Ra5 35.Bb5 Nb8 36.Bc4 Kg7
37.Bd5 Rd7 38.Rdc1 Bd6 39.Rc8 Ra3 40.b7 Ra5 41.g4 h6 42.h4 Kh7 43.g5 h5 44.Bd2 Ra4
45.Bc3  1-0

[Event "ch-USA"]
[Site "Stillwater USA"]
[Date "2007.05.18"]
[Round "4"]
[White "Yermolinsky,A"]
[Black "Stripunsky,A"]
[Result "1-0"]
[WhiteElo "2511"]
[BlackElo "2569"]

1.d4 d5 2.c4 c6 3.Nf3 Nf6 4.e3 Bf5 5.Nc3 e6 6.Nh4 Bg6 7.Nxg6 hxg6 8.g3 Nbd7
9.a3 Be7 10.c5 e5 11.Bg2 g5 12.b4 g4 13.e4 Nxe4 14.Nxe4 dxe4 15.d5 f5 16.h3 Bg5
17.hxg4 Rxh1+ 18.Bxh1 Bxc1 19.Rxc1 Qg5 20.dxc6 bxc6 21.gxf5 Nf6 22.Qd2 Qxf5
23.Qe2 Rd8 24.b5 cxb5 25.Qxb5+ Kf7 26.c6 Kg6 27.c7 Rc8 28.Qc6 Kg5 29.Qc5 Kg6
30.Bg2 Qe6 31.Qc6 Qf5 32.Rc3 Kf7 33.Qc4+ Ke7 34.Qc5+ Kf7 35.Qxa7 Nd5 36.Rc4 Nf6
37.Qc5 Ne8 38.Bxe4 Qf6 39.Qd5+ Qe6 40.Bg6+  1-0

[Event "ch-USA"]
[Site "Stillwater USA"]
[Date "2007.05.20"]
[Round "6"]
[White "Gulko,B"]
[Black "Yermolinsky,A"]
[Result "1/2-1/2"]
[WhiteElo "2576"]
[BlackElo "2511"]

1.Nf3 Nf6 2.c4 e6 3.Nc3 d5 4.d4 Bb4 5.Qa4+ Nc6 6.e3 O-O 7.Bd2 a6 8.a3 Be7
9.Qc2 dxc4 10.Bxc4 Bd6 11.O-O Qe7 12.Rfe1 e5 13.Nd5 Nxd5 14.Bxd5 exd4 15.exd4 Qf6
16.Bxc6 bxc6 17.Rac1 Rb8 18.b4 a5 19.Ne5 axb4 20.Bxb4 Bxb4 21.axb4 Rxb4 22.Nxc6 Rb7
23.Ne7+ Kh8 24.Nxc8 Rxc8 25.Qe4 Rbb8 26.Rxc7 g6 27.Rxc8+ Rxc8 28.d5 Rd8 29.g3 h5
30.Kg2 Kg8 31.Re3 Qd6 32.Rd3 Rd7 33.h3 Rd8 34.g4 hxg4 35.hxg4 Rb8 36.Rd4 Kg7
37.g5 Kf8 38.Qh4 Kg8 39.Qg3 Qxg3+ 40.Kxg3 Kf8 41.Kf4 Rb2 42.f3 Rg2 43.d6 Ke8
44.Re4+ Kd7 45.Re7+ Kxd6 46.Rxf7 Re2 47.Rg7 Re6 48.Kg4 Ke5 49.f4+ Ke4 50.Ra7 Kd5
51.Ra5+ Kd6 52.f5 Re4+ 53.Kf3 gxf5 54.Rxf5 Ra4 55.Rf7 Ke5 56.Kg3 Rb4 57.Kh3 Ra4
58.Rf2 Rb4 59.Rf3 Ke6 60.g6 Ke7 61.Rf7+ Ke8 62.Ra7 Kf8  1/2-1/2

[Event "ch-USA"]
[Site "Stillwater USA"]
[Date "2007.05.21"]
[Round "7"]
[White "Yermolinsky,A"]
[Black "Kaidanov,G"]
[Result "0-1"]
[WhiteElo "2511"]
[BlackElo "2595"]

1.d4 d5 2.c4 e6 3.Nc3 c6 4.e4 dxe4 5.Nxe4 Bb4+ 6.Bd2 Qxd4 7.Bxb4 Qxe4+ 8.Be2 Na6
9.Ba5 f6 10.Qd8+ Kf7 11.O-O-O e5 12.Bd3 Qf4+ 13.Kb1 Nc5 14.Ne2 Qg4 15.h3 Qe6
16.Ng3 Qe7 17.Be4 Qxd8 18.Rxd8 Ne6 19.Rd2 Ne7 20.Rhd1 Rb8 21.Ne2 b6 22.Bc3 Ba6
23.b3 Rbd8 24.f4 exf4 25.Nxf4 Rxd2 26.Bxd2 Nc5 27.Bc2 Bc8 28.Be3 Nb7 29.Kb2 Rd8
30.Rxd8 Nxd8 31.Be4 g5 32.Ne2 f5 33.Bf3 g4 34.hxg4 fxg4 35.Be4 Bf5 36.Ng3 Bxe4
37.Nxe4 Ne6 38.b4 Nf5 39.Bf2 Nf4 40.Kc3 Nxg2 41.a4 Nf4  0-1

[Event "American Open"]
[Site "Los Angeles USA"]
[Date "2007.11.23"]
[Round "4"]
[White "Taylor,T"]
[Black "Yermolinsky,A"]
[Result "1/2-1/2"]
[WhiteElo "2322"]
[BlackElo "2512"]

1.f4 d5 2.Nf3 g6 3.e3 Bg7 4.Be2 c5 5.O-O Nc6 6.d3 Nf6 7.Ne5 Nxe5 8.fxe5 Nd7
9.d4 O-O 10.Nc3 e6  1/2-1/2

[Event "American Open"]
[Site "Los Angeles USA"]
[Date "2007.11.25"]
[Round "7"]
[White "Yermolinsky,A"]
[Black "Sevillano,E"]
[Result "1/2-1/2"]
[WhiteElo "2512"]
[BlackElo "2513"]

1.d4 Nf6 2.c4 c6 3.Nf3 d5 4.e3 g6 5.Nc3 Bg7 6.Bd3 O-O 7.O-O Bg4 8.h3 Bxf3
9.Qxf3 dxc4 10.Bxc4 Nbd7 11.Rd1 e5 12.d5 cxd5 13.Nxd5 Nb6 14.Nxf6+ Qxf6 15.Bb3 Qxf3
16.gxf3 Rfd8 17.Bd2 Rd7 18.Bc3 Rad8 19.Rxd7 Rxd7 20.a4 Nc8 21.Kf1 Ne7 22.a5 h5
23.Ra4 Nd5 24.Bxd5 Rxd5 25.Rc4 Rd7 26.a6 bxa6 27.Rc8+ Kh7 28.Rc6 f6 29.Rxa6 Kg8
30.Ke2 Kf7 31.Rc6 Bf8 32.f4 Bd6 33.fxe5 Bxe5 34.Ra6 Kg7 35.Bxe5 fxe5 36.Re6 Rb7
37.Kf3 Rxb2 38.Rxe5 Ra2 39.h4 a5 40.e4 a4 41.Ra5 a3 42.Kg3 Re2 43.Kf3 Ra2
44.Ra6 Kf7 45.Kg3 Re2 46.Kf3 Ra2 47.Ke3 Kg7 48.Ra7+ Kf6 49.Ra5 Kf7 50.f3 Rh2
51.Rxa3 Rxh4 52.Ra7+ Kf6 53.Ra6+ Kf7  1/2-1/2

[Event "Far West Open"]
[Site "Reno USA"]
[Date "2008.03.22"]
[Round "4"]
[White "Yermolinsky,A"]
[Black "Sevillano,E"]
[Result "1/2-1/2"]
[WhiteElo "2522"]
[BlackElo "2526"]

1.d4 Nf6 2.c4 c5 3.d5 e6 4.Nc3 exd5 5.cxd5 d6 6.e4 g6 7.f4 Bg7 8.Bb5+ Nfd7
9.Nf3 a6 10.Bd3 b5 11.a3 O-O 12.O-O Nb6 13.f5 N8d7 14.Bg5 f6 15.Be3 Qe8 16.Bf4 Ne5
17.Nxe5 fxe5 18.Bg5 Ra7 19.g4 gxf5 20.gxf5 Kh8 21.Kh1 Bf6 22.Bh6 Rg8 23.Qf3 Bg5
24.Bxg5 Rxg5 25.b4 Rc7 26.Ne2 c4 27.Bc2 Rcg7 28.f6 R7g6 29.f7 Qf8 30.Qe3 Nd7
31.a4 Qh6 32.Ng3 Nf8 33.axb5 axb5 34.Ra8 Qh3 35.Rf3 Kg7 36.Ra1 Qh4 37.Rg1 Bg4
38.Rf2 Bd7 39.Bd1 Kh8 40.Be2 Bc8 41.Bf1 Bd7 42.Be2 Bc8 43.Bd1 Qh6 44.Be2 Bd7
45.Bd1 Bc8 46.Be2 Bd7 47.Bd1 Bc8  1/2-1/2

[Event "Far West Open"]
[Site "Reno USA"]
[Date "2008.03.23"]
[Round "6"]
[White "Yermolinsky,A"]
[Black "Naroditsky,D"]
[Result "1/2-1/2"]
[WhiteElo "2522"]
[BlackElo "2205"]

1.d4 Nf6 2.c4 g6 3.Nc3 Bg7 4.e4 d6 5.h3 O-O 6.Bg5 h6 7.Be3 e5 8.d5 c6 9.Qd2 cxd5
10.cxd5 Kh7 11.Bd3 a6 12.Nge2 Nbd7 13.g4 b5 14.Ng3 Qa5 15.O-O Nc5 16.Bc2 b4
17.Nce2 Qb5 18.a4 Qb8 19.b3 a5 20.Rac1 Ra7 21.Kg2 Rc7 22.g5 hxg5 23.Bxg5 Rh8
24.f4 Kg8 25.f5 gxf5 26.Bxf6 f4 27.Bxg7 Kxg7 28.Nxf4 exf4 29.Rxf4 Bxh3+ 30.Kf2 Nd7
31.Rh4  1/2-1/2

[Event "FKB ch-USA Qualifier"]
[Site "Tulsa USA"]
[Date "2008.03.29"]
[Round "3"]
[White "Robson,R"]
[Black "Yermolinsky,A"]
[Result "0-1"]
[WhiteElo "2389"]
[BlackElo "2522"]

1.e4 e5 2.Nf3 Nc6 3.Bb5 a6 4.Ba4 Nf6 5.O-O Be7 6.Re1 b5 7.Bb3 d6 8.c3 O-O
9.h3 Na5 10.Bc2 c5 11.d4 Nd7 12.Nbd2 cxd4 13.cxd4 Nc6 14.Nb3 a5 15.Be3 a4
16.Nbd2 exd4 17.Nxd4 Nxd4 18.Bxd4 Ne5 19.Qe2 b4 20.Rad1 Be6 21.Bb1 Bg5 22.Rf1 Qf6
23.f4 Bxf4 24.Qf2 Bg5 25.Qxf6 Bxf6 26.Nf3 Rfc8 27.Nxe5 Bxe5 28.Bxe5 dxe5
29.Rd6 h5 30.Rfd1 h4 31.Kh2 a3 32.Rb6 b3 33.Rxe6 fxe6 34.bxa3 b2 35.Rd2 Rab8  0-1

[Event "17th Open"]
[Site "Chicago USA"]
[Date "2008.05.23"]
[Round "1"]
[White "Pereira,Si"]
[Black "Yermolinsky,A"]
[Result "0-1"]
[WhiteElo "2291"]
[BlackElo "2518"]

1.e4 e5 2.Nf3 Nc6 3.Bb5 a6 4.Ba4 Nf6 5.O-O Bc5 6.c3 b5 7.Bb3 d6 8.d4 Bb6
9.h3 Bb7 10.Re1 O-O 11.a3 Ne7 12.Nbd2 Ng6 13.Bc2 Re8 14.d5 c6 15.dxc6 Bxc6
16.Nf1 d5 17.exd5 Qxd5 18.Bxg6 hxg6 19.Qxd5 Bxd5 20.Nxe5 Nd7 21.Bf4 Nc5 22.Rad1 Bb3
23.Rd2 g5 24.Bh2 f6 25.Nf3 Rxe1 26.Nxe1 Re8 27.Ne3 Ne4 28.Rd7 Nxf2 29.Kxf2 Bxe3+
30.Kf3 Bc5 31.Rc7 Bd1+  0-1

[Event "17th Open"]
[Site "Chicago USA"]
[Date "2008.05.24"]
[Round "2"]
[White "Yermolinsky,A"]
[Black "Tate,E"]
[Result "1-0"]
[WhiteElo "2518"]
[BlackElo "2378"]

1.d4 c5 2.d5 g6 3.e4 Bg7 4.c4 d6 5.Nc3 Bxc3+ 6.bxc3 Qa5 7.Qb3 f5 8.exf5 Bxf5
9.Ne2 Na6 10.Ng3 Bd7 11.Bd3 O-O-O 12.O-O Nc7 13.Re1 Qa6 14.Rb1 Re8 15.Re2 Ba4
16.Qb2 b6 17.Re3 Nf6 18.Qe2 Kd8 19.Bd2 Bd7 20.Re1 Ng4 21.Rxe7 Ne5 22.Bg5 Kc8
23.Ne4 Rxe7 24.Nxd6+ Kb8 25.Bxe7 Nxd3 26.Qxd3 Qxa2 27.h3 a5 28.Bh4 b5 29.Re7 bxc4
30.Nxc4 Bb5 31.Qg3  1-0

[Event "17th Open"]
[Site "Chicago USA"]
[Date "2008.05.26"]
[Round "6"]
[White "Zapata,Alo"]
[Black "Yermolinsky,A"]
[Result "1/2-1/2"]
[WhiteElo "2478"]
[BlackElo "2518"]

1.e4 e5 2.Nf3 Nc6 3.Bb5 a6 4.Ba4 Nf6 5.O-O Be7 6.Re1 b5 7.Bb3 d6 8.c3 O-O
9.a4 b4 10.h3 Rb8 11.d4 bxc3 12.bxc3 exd4 13.cxd4 d5 14.Ne5 Nxe5 15.dxe5 Nxe4
16.Bxd5 Bb7 17.Bxb7 Qxd1 18.Rxd1 Rxb7 19.Be3 Rfb8 20.Nd2 Nc3 21.Re1 Nd5 22.Nf1 Bb4
23.Bd2 c5 24.Re4 a5 25.Rc4 Rd7 26.Rc2 Re8 27.f4 f6 28.exf6 Nxf6 29.Bc3 Rd3
30.Rac1 Re4 31.Be5 h5 32.Kf2 h4 33.Re2 Ra3 34.Ne3 Rxa4 35.Kf3 Ba3 36.Ra1 Nd7
37.Bc7 Reb4 38.Nd5 Rb7 39.Nc3 Rc4 40.Rxa3 Rxc7 41.Re7 Kf8 42.Nd5 Rd4 43.Nxc7 Kxe7
44.Rxa5 Rd3+ 45.Ke4  1/2-1/2

[Event "World Open"]
[Site "Philadelphia USA"]
[Date "2008.07.03"]
[Round "3"]
[White "Yermolinsky,A"]
[Black "Bercys,S"]
[Result "1-0"]
[WhiteElo "2530"]
[BlackElo "2429"]

1.d4 Nf6 2.c4 g6 3.Nc3 Bg7 4.e4 d6 5.Bd3 O-O 6.Nge2 Nc6 7.O-O e5 8.d5 Nd4
9.Nxd4 exd4 10.Ne2 Re8 11.f3 c5 12.Bg5 Qc7 13.Ng3 Rb8 14.Qd2 Nd7 15.f4 f6
16.Bh4 Nf8 17.Rae1 Qf7 18.e5 f5 19.exd6 Rxe1 20.Rxe1 Bf6 21.Re7 Bxe7 22.dxe7 Nd7
23.Qe2  1-0

[Event "World Open"]
[Site "Philadelphia USA"]
[Date "2008.07.05"]
[Round "7"]
[White "Ftacnik,L"]
[Black "Yermolinsky,A"]
[Result "1/2-1/2"]
[WhiteElo "2544"]
[BlackElo "2530"]

1.Nf3 d5 2.d4 Nf6 3.c4 c6 4.e3 Bf5 5.Nc3 e6 6.Nh4 Be4 7.f3 Bg6 8.Qb3 Qc7
9.Bd2 Be7 10.Nxg6 hxg6 11.Rc1 Nbd7 12.g3 Rd8 13.cxd5 exd5 14.Kf2 Nf8 15.Be2 Ne6  1/2-1/2

[Event "World Open"]
[Site "Philadelphia USA"]
[Date "2008.07.06"]
[Round "8"]
[White "Yermolinsky,A"]
[Black "Ivanov,AV USA"]
[Result "1/2-1/2"]
[WhiteElo "2530"]
[BlackElo "2567"]

1.Nf3 Nf6 2.c4 b6 3.Nc3 Bb7 4.d4 e6 5.a3 d5 6.cxd5 Nxd5 7.Qc2 Nxc3 8.bxc3 c5
9.e4 Nd7 10.Bf4 Be7 11.Bd3 Qc8 12.Qb1 Ba6 13.O-O O-O 14.Rd1 Bxd3 15.Qxd3 cxd4
16.cxd4 Qb7 17.Rac1 Rac8 18.h3  1/2-1/2

[Event "US Open"]
[Site "Dallas USA"]
[Date "2008.08.05"]
[Round "4"]
[White "Yermolinsky,A"]
[Black "Haring,Ru"]
[Result "1-0"]
[WhiteElo "2530"]
[BlackElo "2099"]

1.d4 Nf6 2.c4 g6 3.Nc3 Bg7 4.e4 d6 5.h3 Nbd7 6.Bg5 c5 7.d5 a6 8.a4 h6 9.Be3 g5
10.g3 Qa5 11.Bd2 Qc7 12.f4 gxf4 13.gxf4 Nf8 14.Nf3 e6 15.Bd3 exd5 16.exd5 Ng6
17.Qc2 Ne7 18.a5 Bd7 19.Na4 Bxa4 20.Qxa4+ Qd7 21.Kf2 Qxa4 22.Rxa4 Nd7 23.b4 Rc8
24.Rb1 O-O 25.b5 Rc7 26.Ra3 Bf6 27.Rab3 Rfc8 28.b6  1-0

[Event "US Open"]
[Site "Dallas USA"]
[Date "2008.08.06"]
[Round "5"]
[White "Yermolinsky,A"]
[Black "Lu,E"]
[Result "1-0"]
[WhiteElo "2530"]
[BlackElo "2185"]

1.d4 Nf6 2.c4 c6 3.Bf4 d5 4.e3 Bf5 5.Nc3 e6 6.Qb3 Qb6 7.c5 Qxb3 8.axb3 Nbd7
9.b4 Nh5 10.Be5 f6 11.Bc7 g5 12.b5 cxb5 13.Nxb5 a6 14.Bd6 Rc8 15.Bxf8 Kxf8
16.Nd6 Rc7 17.Nxf5 exf5 18.Ne2 f4 19.Nc3 fxe3 20.fxe3 Rc6 21.Be2 Ng7 22.O-O Kf7
23.Nxd5 Re8 24.b4 Rcc8 25.b5 Rcd8 26.c6 bxc6 27.bxc6 Ne5 28.dxe5  1-0

[Event "US Open"]
[Site "Dallas USA"]
[Date "2008.08.08"]
[Round "7"]
[White "Bradford,J"]
[Black "Yermolinsky,A"]
[Result "1/2-1/2"]
[WhiteElo "2418"]
[BlackElo "2530"]

1.Nf3 c5 2.c4 Nc6 3.Nc3 e5 4.g3 g6 5.Bg2 Bg7 6.a3 Nge7 7.Rb1 a5 8.O-O d6
9.d3 O-O 10.Bd2 f5 11.Ne1 Be6 12.Nd5 Rb8 13.b4 axb4 14.axb4 cxb4 15.Nxe7+  1/2-1/2

[Event "US Open"]
[Site "Dallas USA"]
[Date "2008.08.09"]
[Round "8"]
[White "Yermolinsky,A"]
[Black "Vaidya,C"]
[Result "0-1"]
[WhiteElo "2530"]
[BlackElo "2145"]

1.d4 Nf6 2.c4 e6 3.Nf3 d5 4.Nc3 c6 5.Bg5 Nbd7 6.cxd5 exd5 7.e3 Be7 8.Qc2 O-O
9.Bd3 Re8 10.h3 Nf8 11.Bf4 Ng6 12.Bg3 Bd6 13.Bxd6 Qxd6 14.O-O-O b6 15.g4 Qe7
16.Kb1 Bb7 17.Bf5 c5 18.h4 c4 19.h5 Nf8 20.g5 Ne4 21.g6 fxg6 22.hxg6 Nxc3+
23.bxc3 h6 24.Rdg1 Bc8 25.Rh5 Nd7 26.Bxd7 Bxd7 27.Rxd5 Bc6 28.Re5 Qb7 29.Rxe8+ Rxe8
30.Nd2 Rf8 31.f3 Bxf3 32.Rf1 Qd5 33.e4 Qb5+ 34.Ka1 Be2 35.Rxf8+ Kxf8 36.Nb1 Qh5
37.e5 Bd3 38.Qg2 Qxg6 39.Qa8+ Qe8 40.Qxa7 Qc6 41.a4 Kg8 42.d5 Qxd5 43.Qxb6 Qxe5
44.a5 Qd5 45.a6 Be4 46.Kb2 Kh7 47.Kc1 Qd3  0-1

[Event "US Open"]
[Site "Dallas USA"]
[Date "2008.08.10"]
[Round "9"]
[White "Schoonmaker,N"]
[Black "Yermolinsky,A"]
[Result "0-1"]
[WhiteElo "2195"]
[BlackElo "2530"]

1.d4 Nf6 2.Nf3 e6 3.e3 c5 4.Bd3 b6 5.O-O Bb7 6.Nbd2 Be7 7.b3 O-O 8.Bb2 d6
9.c4 Nbd7 10.Qe2 Re8 11.Rad1 Qc7 12.e4 cxd4 13.Nxd4 a6 14.N4f3 Rad8 15.Bb1 Qb8
16.e5 dxe5 17.Nxe5 Nxe5 18.Bxe5 Qa8 19.f3 b5 20.Ne4 Bxe4 21.Bxe4 Nxe4 22.fxe4 Qc6
23.Kh1 bxc4 24.Rc1 Qb5 25.Bc7 Rd7 26.bxc4 Qc6 27.Be5 f6 28.Bb2 Red8 29.Rc2 Bc5
30.h4 Rd3 31.Qg4 e5 32.h5 Qd7 33.Qxd7 R8xd7 34.Re2 Kf7 35.Kh2 Ke6 36.Rc1 Be3
37.Rf1 g6 38.Bc1 Bc5 39.Rf3 gxh5 40.Rh3 Rxh3+ 41.Kxh3 Rd3+ 42.Kh4 Rc3 43.Bb2 Rxc4
44.Kxh5 a5 45.Kh6 a4 46.a3 Bd4 47.Bxd4 exd4 48.Kxh7 d3 49.Rd2 Rc3 50.Kg6 Ke5
51.g4 Kxe4 52.Kxf6 Ke3  0-1

[Event "35th Eastern Open"]
[Site "Washington DC USA"]
[Date "2008.12.27"]
[Round "2"]
[White "Yermolinsky,A"]
[Black "Thaler,Mi"]
[Result "1-0"]
[WhiteElo "2537"]
[BlackElo "2217"]

1.d4 d5 2.c4 c6 3.Nf3 Nf6 4.e3 Bg4 5.h3 Bh5 6.Nc3 e6 7.g4 Bg6 8.Ne5 Nbd7
9.h4 dxc4 10.Nxg6 hxg6 11.Bxc4 Nb6 12.Bb3 Nfd5 13.h5 gxh5 14.gxh5 g6 15.e4 Nf6
16.h6 Nh5 17.d5 e5 18.Qf3 Qf6 19.Qxf6 Nxf6 20.dxc6 bxc6 21.Be3 Nh5 22.Na4 Nd7
23.Rc1 c5 24.Nxc5 Nxc5 25.Bxc5 Bxc5 26.Rxc5 f6 27.Rc7 Rxh6 28.Rh3  1-0

[Event "35th Eastern Open"]
[Site "Washington DC USA"]
[Date "2008.12.28"]
[Round "3"]
[White "Enhbat,T"]
[Black "Yermolinsky,A"]
[Result "0-1"]
[WhiteElo "2382"]
[BlackElo "2537"]

1.d4 Nf6 2.c4 e6 3.g3 Bb4+ 4.Bd2 a5 5.Bg2 d5 6.Nf3 dxc4 7.Qc2 Nc6 8.Qxc4 Qd5
9.Qxd5 exd5 10.a3 Bxd2+ 11.Nbxd2 O-O 12.Rc1 Re8 13.e3 a4 14.Ne5 Nxe5 15.dxe5 Rxe5
16.Rxc7 Re6 17.O-O Rb6 18.Rfc1 Be6 19.Nb1 Rxb2 20.Nc3 h5 21.f4 b5 22.Rc5 b4
23.axb4 Rxb4 24.f5 Bxf5 25.Nxd5 Nxd5 26.Bxd5 Ra7 27.Rc7 Rxc7 28.Rxc7 Be6
29.Bxe6 fxe6 30.Ra7 g5 31.Ra5 g4 32.Ra7 Rb1+ 33.Kf2 Rb2+ 34.Kg1 Ra2 35.e4 e5
36.h3 gxh3 37.Kh1 a3 38.Ra5 Kf7 39.Ra6 Ke7 40.Ra5 Kd6  0-1

[Event "35th Eastern Open"]
[Site "Washington DC USA"]
[Date "2008.12.29"]
[Round "5"]
[White "Smith,Bry"]
[Black "Yermolinsky,A"]
[Result "0-1"]
[WhiteElo "2406"]
[BlackElo "2537"]

1.e4 Nf6 2.e5 Nd5 3.Nc3 Nxc3 4.bxc3 d5 5.Ba3 b6 6.d4 c5 7.dxc5 e6 8.Bb5+ Bd7
9.cxb6 Qxb6 10.Bxd7+ Nxd7 11.Bxf8 Kxf8 12.Nf3 Rc8 13.O-O Qc7 14.Qd4 Qxc3
15.Qxa7 Nxe5 16.Nxe5 Qxe5 17.Rab1 g6 18.Rb7 Qf6 19.a4 Kg7 20.a5 Rxc2 21.Rc7 Ra2
22.a6 e5 23.Qb7 Rxa6 24.Qxd5 h5 25.h3 h4 26.Rb1 Re8 27.Qc4 Rd6 28.Rbb7 Rd1+
29.Kh2 Rf8 30.Qg4 Rd2 31.f3 Rd4 32.f4 Qxf4+ 33.Qxf4 Rxf4 34.Re7 Rf5 35.Re6 Rd8
36.g4 hxg3+ 37.Kxg3 Rd3+ 38.Kg2 Rg5+ 39.Kh2 Rd2+ 40.Kh1 Kh6  0-1

[Event "Winter Open"]
[Site "Stillwater USA"]
[Date "2009.02.14"]
[Round "1"]
[White "Fernandez,Jai"]
[Black "Yermolinsky,A"]
[Result "0-1"]
[WhiteElo "2029"]
[BlackElo "2518"]

1.e4 c5 2.Nf3 d6 3.d4 cxd4 4.Nxd4 Nf6 5.Nc3 Nc6 6.Be3 Ng4 7.Bc1 Qb6 8.Bb5 e5
9.Nd5 Qxd4 10.Qxd4 exd4 11.Nc7+ Kd8 12.Nxa8 Be6 13.Bxc6 bxc6 14.Bd2 Be7 15.Ba5+ Kd7
16.Nb6+ axb6 17.Bxb6 c5 18.b3 f5 19.h3 Nf6 20.exf5 Bxf5 21.c4 dxc3 22.g4 Be6
23.Ba5 Nd5 24.a3 Bg5  0-1